| 000 | 00000nam##2200000za#4500 |
| 001 | 9.579349 |
| 003 | CaOODSP |
| 005 | 20210624190523 |
| 007 | cr ||||||||||| |
| 008 | 150406|2002||||xxc|||||o f|0| 0 eng|d |
| 022 | |a1488-5379 |
| 040 | |aCaOODSP|beng |
| 043 | |an-cn--- |
| 086 | 1 |aFs97-6/2421E-PDF |
| 110 | 1 |aCanada. |bDepartment of Fisheries and Oceans. |
| 245 | 10|aTrawl survey for Thornyhead biomass estimation off the West Coast of Vancouver Island, September 15 - October 2, 2001 / |h[electronic resource]|cby P.J. Starr, B.A. Krishka and E.M. Choromanski. |
| 260 | |aNanaimo - British Columbia : |bFisheries and Oceans Canada |c2002. |
| 300 | |a66p.|bfigs., references, tables |
| 490 | 1 |aCanadian technical report of fisheries and aquatic sciences|x1488-5379|vNo. 2421 |
| 500 | |aOn t.p.: Pacific Biological Station, Nanaimo, British Columbia. The catalogue number and ISSN for the print edition appear in the PDF version. |
| 546 | |a(Résumé en français) |
| 590 | |a14-06-Supp|b2014-03-21 |
| 720 | 1 |aKrishka, B. A. |
| 720 | 1 |aStarr, P. J. |
| 720 | 1 |aChoromanski, E. M. |
| 830 | #0|aCanadian technical report of fisheries and aquatic sciences,|x1488-5379|vNo. 2421|w(CaOODSP)9.504449 |
| 856 | 40|ahttp://publications.gc.ca|qPDF|s23.36 KB|uhttps://publications.gc.ca/collections/collection_2014/mpo-dfo/Fs97-6-2421-eng.pdf|yNo. 2421 |